000 00493nam a22001217a 4500
999 _c13135
_d13135
008 190207b ||||| |||| 00| 0 eng d
082 _aDPer 303.405 H22 June -Sept 2016 v.12 n. 7-10
245 _aMeet Erica, an intelligent android:
_bhumanity has been trying to create self-operating machines for very long time
260 _aQuezon City:
_c©June -Sept 2016.
_bHardware Zone Phils. Corp.,
300 _av12 n7, page 12:
_billustrations;
_c28 cm.
650 _aMachines
_936767
942 _2ddc
_cPER